02465cam a22003498i 4500999001700000001000900017003000900026005001700035008004100052020001800093040003300111082001900144100003700163245014900200250003000349264006200379264001000441300004600451336002600497337002800523338002700551504005100578520108200629650005301711653001901764655002401783700004401807700004501851906004501896942001201941952016201953 c29260d2923121106892EG-ScBUE20210727112443.0190729t2019 nyua f b 001 0 eng d a9780789213402 aDLCbengerdacDLCdEG-ScBUE04a745.4bLEO2221 aLeoneschi, Francesca,ecompiler.10aPatterns in arts :ba closer look at the old masters /cFrancesca Leoneschi ; with illustrations by Giovanna Ferraris ; text by Silvia Lazzaris. aEnglish language edition. 1aNew York ;aLondon :bAbbeville Press Publishers,c[2019] 4cc2019 a173 pages :bcolor illustrations ;c28 cm atextbtxt2rdacontent aunmediatedbn2rdamedia avolumebnc2rdacarrier aIncludes bibliographical references and index. a"A visual delight, and a designer's dream-the decorative details of great European paintings transformed into beautiful two-dimensional patterns Richly embroidered robes. Intricate lace collars. Elaborately laid floor tiles. Delicately carved and modeled cornices and capitals. These are among the details of decorative art that the Old Masters lovingly rendered in their paintings, to establish a setting, convey a portrait subject's social status, or sometimes just enliven a scene. Together these details-so easy to overlook in the imposing harmony of draftsmanship, color, and composition that makes up a great painting-form a veritable history of ornament. This inventive book plucks these decorative motifs from the background of paintings by masters like Rubens, Memling, and Filippo Lippi, and transforms them into vibrant two-dimensional patterns. Seeing these patterns side-byside with the original paintings deepens our appreciation of both. Pattern in Painting will be a resource for graphic designers, and a revelation for all art lovers"--cProvided by publisher. 7aDecoration and ornamentxThemes, motives.2BUEsh bGGENcJuly2021 vReading book9342321 aFerraris, Giovanna,eillustrator.948991 aLazzaris, Silvia,ewriter of added text. a7bcbccorignewd1eecipf20gy-gencatlg 2ddccBB 00102ddc40708AlahramaMAINbMAINc2NDd2021-07-27ePurchaseg499.00l6m24o745.4 LEOp000050427r2026-03-04 00:00:00s2025-10-08v623.75w2021-07-27yBB